000
00309nam a22001337a 4500
008
181025b xxu||||| |||| 00| 0 eng d
020
_a
9781416625094
041
_a
eng
080
_2
4 ED
_a
370
100
_a
47
101
_a
EDU
245
_a
Multiple Intelligences Classroom
_c
Thomas,A
942
_2
udc
_c
BK
999
_c
50937
_d
50937